Quizzes
Events
Quiz Creation
Community
Videos
Private Events
Remove Ads
Sign In
Join for FREE
Feedback
Dark Mode
Quiz Categories
Sports
Geography
Music
Movies
Television
Just For Fun
Miscellaneous
History
Literature
Language
Science
Gaming
Entertainment
Religion
Holiday
For Kids
Quiz Lab
Recent
Popular Today
Quiz Kudos Today
Editor Picks
Curator Picks
Quizzes by...
Day
Popularity
Type
Ratings
Length
Year
Community
Subscriptions
Recent Discussions
Orange Saloon
Badges
Playlists
Quests
Create
Leaderboards
Showdown
Live 5
Trivia Bingo
Activity
Puzzle Library
Sporcle Events
Private Events
Virtual Trivia
Globe League
Become a Host
Pub Owners
SporcleCon
Opinionation
Our Games
Videos
Blog
Mobile Apps
Partnerships
Remove Ads and Go Orange
Feedback
Movies
Disney
Marvel Cinematic Universe
Movie Resume
Movie Titles
Oscar
Actor
Actress
Director
Pixar
Role
Movie Quotes
Movie Characters
Box Office
Nominee
Best Picture
Star Wars
James Bond
Horror Movies
Movies
Disney
Marvel Cinematic Universe
Movie Resume
Movie Titles
Oscar
Actor
Actress
Director
Pixar
Role
Movie Quotes
Movie Characters
Box Office
Nominee
Best Picture
Star Wars
James Bond
Horror Movies
Random Quiz
Search Sporcle
×
Quiz Lab
Quiz Lab
Movies
Christmas
Type in answers that appear in a list
Type in answers that appear in a list
Classic
Best Score? Go Orange.
Scrooged Stats
Can you name the Scrooged facts?
By
piehole4ever
6m
23 Questions
272 Plays
272 Plays
272 Plays
Comments
Comments
Give Quiz Kudos
Give Quiz Kudos
-
- Ratings
hide this ad
Replay
Link that replays current quiz
Next Quiz
Link to next quiz in quiz playlist
You Got
0%
They Got
Avg Score
66%
Avg Friend Score
Upgrade to see
Score Distribution
Jump to the score distribution portion of the page
Score
0/23
Timer
06:00
0
Plays Today
Question
Answer
% Correct
What does Frank suggest should be stapled onto the mice?
Antlers
93%
What does Frank send his brother for Christmas?
Towel
86%
What was the name of the boat that took them all to Gilligan's Island?
S.S. Minnow
83.1%
How many of Bill Murray's brothers appear in the film?
3
82.7%
What year did the film come out?
88
82.4%
In the picture drawn by Grace's son, how many fingers does Mrs. Claus have?
11
80.5%
What is the nickname Claire gave Frank?
Lumpy
79.8%
What does Frank receive as a gift from his father?
5 pounds of veal
76.1%
Who plays Tiny Tim in the network production?
Mary Lou Retton
75.4%
What does Frank want to rip off of the Ghost of Christmas Present?
Her wings
74.6%
'You've got America's favorite old _
_
_
, reading a book in front of a fireplace!'
fart
71.3%
What is the television network Frank works for?
IBC
69.9%
Question
Answer
% Correct
Who plays the Ghost of Christmas Present?
Carol Kane
66.2%
Who plays Claire Phillips?
Karen Allen
60.3%
Who is seen caroling in a gondola in the middle of a swamp?
Robert Goulet
58.5%
David Johansen, aka Buster Poindexter, plays which character?
Ghost of Christmas Past
58.1%
What is the name of the movie in which Lee Majors saves Christmas?
The Night the Reindeer Died
53.7%
What is the name of Grace's son who doesn't speak?
Calvin
48.9%
What was the name of the unfortunate hobo who was found frozen?
Herman
47.4%
What is the name of the television show Frank was on while he dated Claire?
Frisbee
46.3%
What is the name of the show on the network based on Leave It To Beaver?
Father Loves Beaver
46%
Who is the guy after Frank's job?
Brice Cummings
43.8%
Who does Frank fire at the beginning of the movie?
Eliot Loudermilk
42.6%
Quiz Playlist
Details
Report
Send in Message
Add To Playlist
Classic:
Type in answers that appear in a list
Last Updated: Feb 16, 2017
Quiz Scoreboard
CHALLENGE
Sign Up to Join the Scoreboard
Show All
Scores
Hide
Comments
May contain spoilers
Recently Published
Alphabetical 'K' Countries by Flag Minefield
by ylime102
Geography
3m
Pick 6: Fruits
by JohnFran
Miscellaneous
15s
Click the 1999 NBA Draft
by nibperrychub
Sports
2m
More to Explore
Quiz From the Vault
Featured Blog Post
15 Basketball Trivia Facts You Can Be March Mad About
hide this ad
You Might Also Like...
Tags
Christmas Quiz
Bill Murray
ghost
Today's Top Quizzes in Movies
Browse Movies
hide this ad
Today's Top Quizzes in Christmas
Browse Christmas
Top Contributed Quizzes in Movies
1
Pick 6: Harry Potter
2
Pick 6: Movie Franchises
3
Pick 6: Actors
4
Pick 6: Actresses
5
Pick 6: Disney Princesses
6
Match The President To The Fictional Crisis
7
Movies of the Seasons
8
Harry Potter Logic Puzzle
9
Seasonal Films
10
10 Quentin Tarantino Movies in Order
Explore More
Trending Topics
Crossword
Kpop
Harry Potter
Disney
NBA
Marvel
Anime
The Office
WWE
Song
Country
Pokémon
NFL
Puzzle
Soccer
hide this ad
More By:
piehole4ever
Quiz
Plays
Rating
Category
Featured
Created
Shaun of the Dead Movie Quiz
2,822
4.00
Movies
Sep 27, 2010
Ultimate Home Alone Quiz
2,390
3.83
Movies
Dec 18, 2010
Wayne's World Movie Quiz!
1,855
4.83
Movies
Oct 28, 2010
Selena Quintanilla Perez Quiz
1,615
5.00
Music
May 5, 2010
Beetlejuice Movie Quiz
1,451
5.00
Movies
Oct 27, 2010
Go to Creator's Profile
Score Distribution
Quiz Creator Spotlight
piehole4ever
Follow
Send a Message
Quizzes Created
-
Created Quiz Play Count
-
More By This Creator
Popular Quizzes Today
1
Countries of Asia Without Outlines Minefield
2
Find the US States - No Outlines Minefield
3
Pick 6: Fruits
4
Alphabetical 'K' Countries by Flag Minefield
5
The Countries of the World
6
Find the US States
7
US States
8
Find the Countries of Europe - No Outlines Minefield
More Movies Quizzes
Click My Movie President
Published
Trending Quizzes
Pick 6: Mountains
Pick 6: Harry Potter
Pick 6: Flags
Pick 6: NFL Teams
Pick 6: Movie Franchises
Recently Updated
NWSL Teams
pecheneg
Women's Final Four Teams by Year
bhenderson79
Presidents Quartet II
eogle
Anything But Clue(do)
eogle
Anything But Oceanian Capitals
eogle
Anything But 7
eogle
Anything But Thing
eogle
Word Ladder: February 29
pecheneg
Song Title Questions
pecheneg
Women's NCAA Tournament #1 Seeds
pecheneg
Trending Topics
Crossword
Kpop
Disney
NBA
Marvel
Anime
Harry Potter
NFL
The Office
Pokémon
Soccer
WWE
Song
Puzzle
Country
Your Account Isn't Verified!
In order to create a playlist on Sporcle, you need to verify the email address you used during registration. Go to your
Sporcle Settings
to finish the process.
Report this User
Report this user for behavior that violates our
Community Guidelines
.
Details:
Send Report
Go to the Sporcle.com Mobile Site →
Comments